000 00615nam a2200181Ia 4500
005 20250923144558.0
008 008 250917s9999 xx 000 0 eng d
037 _aTextual
040 _aDSWL
_beng
_cDSWL
041 _aeng
_2eng
084 _aX8(F182):9.2535'N56t4, N57
_qDSWL
100 _aKeswani, S.L.
_9826292
245 2 _aA tudy of the welfare activities in carriage and wagon workshop: Lucknow
_cby S.L. Keswani.
260 _aDelhi
_bDelhi School of Social Work
_c1957
300 _a69p.
942 _cTEXL
_hX8(F182):9.2535'N56t4, N57
999 _c1440755
_d1440755